America's Next Top Model Quiz Stats

 Plays Quiz Updated Apr 7, 2017

Score 0/24 Timer 04:00
0 Plays Today
Cycle Winner % Correct
Cycle 3Eva Pigford
76.7%
Cycle 5Nicole Linkletter
67.6%
Cycle 7CariDee English
66.7%
Cycle 6Danielle Evans
66.4%
Cycle 17Lisa D'amato
64.5%
Cycle 10Whitney Thompson
62.9%
Cycle 1Adrianne Curry
60.3%
Cycle 2Yoanna House
58.6%
Cycle 8Jaslene Gonzalez
55.9%
Cycle 4Naima Mora
55.8%
Cycle 18Sophie Sumner
51.8%
Cycle 22Nyle DiMarco
48.9%
Cycle Winner % Correct
Cycle 11McKey Sullivan
46%
Cycle 19Laura James
46%
Cycle 21Keith Carlos
41.3%
Cycle 9Saleisha Stowers
40.6%
Cycle 20Jourdan Miller
40%
Cycle 23India Gants
34.2%
Cycle 24Kyla Coleman
29.1%
Cycle 13Nicole Fox
16.1%
Cycle 15Ann Ward
12.8%
Cycle 12Teyona Anderson
11.3%
Cycle 14Krista White
11.2%
Cycle 16Brittani Kline
9.5%

You're not logged in!

Compare scores with friends on all Sporcle quizzes.
OR
Log In

Sporcle TV

Today on Sporcle TV


Watch our educational content, quiz creation guides, and fun videos on Sporcle TV.

Show Comments

Extras

Top Quizzes Today


Score Distribution

Your Account Isn't Verified!

In order to create a playlist on Sporcle, you need to verify the email address you used during registration. Go to your Sporcle Settings to finish the process.

Report this User

Report this user for behavior that violates our Community Guidelines.

Details: